[Event "Titled Tuesday intern op 26th Sep Early"]
[Site "Chess.com INT"]
[Date "2023.09.26"]
[Round "5"]
[White "Vargas, Mauricio"]
[Black "Bolivar, Jeison"]
[Result "1-0"]
[WhiteElo "1961"]
[BlackElo "2103"]
[PlyCount "51"]
[EventDate "2023.09.26"]
[EventType "swiss (blitz)"]
[EventRounds "11"]
[EventCountry "USA"]
[SourceTitle "EXT 2024"]
[Source "ChessBase"]
[SourceDate "2023.10.10"]
[SourceVersion "1"]
[SourceVersionDate "2023.10.10"]
[SourceQuality "1"]

1. e4 c5 2. Nf3 d6 3. d4 cxd4 4. Nxd4 Nf6 5. Nc3 a6 6. Bc4 e6 7. Be3 Be7 8. f3 Bd7 9. Qd2 Nc6 10. 0-0 0-0 11. Rad1 Rc8 12. Be2 Ne5 13. Qe1 Kh8 14. Bc1 Re8 15. Qg3 Nh5 16. Qe1 Bh4 17. g3 Be7 18. f4 Nf6 19. fxe5 dxe5 20. Nf3 Qb6+ 21. Kg2 Ng4 22. h3 Ne3+ 23. Bxe3 Qxe3 24. Bd3 Qh6 25. Qd2 Qh5 26. g4 1-0

[Event "Titled Tuesday intern op 01st Feb-A"]
[Site "Chess.com INT"]
[Date "2022.02.01"]
[Round "3"]
[White "Bolivar, Jeison"]
[Black "Papasimakopoulos, Alexandros"]
[Result "0-1"]
[WhiteElo "2105"]
[BlackElo "2259"]
[PlyCount "30"]
[EventDate "2022.02.01"]
[EventType "swiss (blitz)"]
[EventRounds "11"]
[EventCountry "USA"]
[SourceTitle "CBM 206 Extra"]
[Source "ChessBase"]
[SourceDate "2022.03.31"]
[SourceVersion "1"]
[SourceVersionDate "2022.03.31"]
[SourceQuality "1"]

1. e4 e6 2. d4 d5 3. Nd2 Nf6 4. e5 Nfd7 5. Bd3 c5 6. c3 Nc6 7. Ne2 cxd4 8. cxd4 f6 9. exf6 Nxf6 10. 0-0 Bd6 11. Nf3 Qc7 12. g3 0-0 13. Bf4 Ng4 14. Bxd6 Qxd6 15. Rc1 Rxf3 0-1

[Event "Titled Tuesday intern op 01st Feb-A"]
[Site "Chess.com INT"]
[Date "2022.02.01"]
[Round "6"]
[White "Yonal, Timur"]
[Black "Bolivar, Jeison"]
[Result "1-0"]
[WhiteElo "1894"]
[BlackElo "2105"]
[PlyCount "95"]
[EventDate "2022.02.01"]
[EventType "swiss (blitz)"]
[EventRounds "11"]
[EventCountry "USA"]
[SourceTitle "CBM 206 Extra"]
[Source "ChessBase"]
[SourceDate "2022.03.31"]
[SourceVersion "1"]
[SourceVersionDate "2022.03.31"]
[SourceQuality "1"]

1. e4 c5 2. Nf3 d6 3. Bb5+ Bd7 4. Bxd7+ Qxd7 5. 0-0 Nc6 6. c3 d5 7. Qc2 d4 8. d3 e5 9. Na3 Bd6 10. Nc4 Bc7 11. a4 Nge7 12. Bg5 Ng6 13. Rad1 0-0 14. Qb3 b6 15. Bc1 h6 16. h3 Qe6 17. Qc2 Rad8 18. cxd4 cxd4 19. Bd2 Rc8 20. Qb1 Nce7 21. b4 Qc6 22. Qb3 Qe6 23. Qb2 Rfd8 24. Rc1 f6 25. Rfe1 Nf8 26. Na3 Kh7 27. Nb5 Bb8 28. Na3 Qd7 29. Qb3 Ne6 30. Nc4 Ng6 31. g3 Nc7 32. Kg2 Ne6 33. Na3 Ngf8 34. Nc4 Bc7 35. Na3 Ng6 36. Nc4 h5 37. a5 h4 38. axb6 axb6 39. Ra1 hxg3 40. fxg3 Rh8 41. Rh1 Kg8 42. Ra7 Kf8 43. Nxb6 Qc6 44. Nc4 Qd7 45. Nb6 Qc6 46. Nxc8 Bd6 47. Nxd6 Qxd6 48. Ra8+ 1-0

[Event "Titled Tuesday intern op 02nd Mar"]
[Site "Chess.com INT"]
[Date "2021.03.02"]
[Round "1"]
[White "Kubicka, Anna"]
[Black "Bolivar, Jeison"]
[Result "1-0"]
[WhiteElo "2235"]
[BlackElo "2105"]
[PlyCount "71"]
[EventDate "2021.03.02"]
[EventType "swiss (blitz)"]
[EventRounds "11"]
[EventCountry "USA"]
[SourceTitle "CBM 201 Extra"]
[Source "ChessBase"]
[SourceDate "2021.05.31"]
[SourceVersion "1"]
[SourceVersionDate "2021.05.31"]
[SourceQuality "1"]

1. e4 c5 2. Ne2 d6 3. g3 g6 4. Bg2 Bg7 5. 0-0 Nc6 6. c3 e6 7. d4 cxd4 8. cxd4 e5 9. d5 Nce7 10. Nbc3 f5 11. Qa4+ Qd7 12. Qb4 a6 13. Na4 Qc7 14. Nb6 Rb8 15. Nc4 Kd7 16. Be3 b5 17. Nxd6 Qxd6 18. Bc5 Qf6 19. Rac1 Bb7 20. f4 Nh6 21. fxe5 Qxe5 22. Bd4 Qd6 23. Qxd6+ Kxd6 24. Bxg7 Ng4 25. Bxh8 Rxh8 26. Nd4 Ne3 27. Rfe1 Nxg2 28. Kxg2 fxe4 29. Kg1 Bxd5 30. a3 Nf5 31. Rcd1 Rc8 32. Ne2 Ke5 33. Nc3 Nd4 34. Kf2 Bb3 35. Rxe4+ Kf5 36. Rdxd4 1-0

[Event "Cali Cuartas Memorial op"]
[Site "Cali"]
[Date "2017.11.27"]
[Round "9"]
[White "Gomez Barrero, Sergio"]
[Black "Bolivar, Jeison"]
[Result "1/2-1/2"]
[WhiteElo "2006"]
[BlackElo "2140"]
[PlyCount "33"]
[EventDate "2017.11.22"]
[EventType "swiss"]
[EventRounds "10"]
[EventCountry "COL"]
[SourceTitle "EXT 2019"]
[Source "ChessBase"]
[SourceDate "2018.10.10"]
[SourceVersion "1"]
[SourceVersionDate "2018.10.10"]
[SourceQuality "1"]

1. e4 c5 2. Nf3 d6 3. d4 cxd4 4. Nxd4 Nf6 5. Nc3 a6 6. Be2 e5 7. Nb3 Be6 8. g4 h6 9. Be3 Be7 10. h4 d5 11. exd5 Nxd5 12. Bf3 Nxe3 13. Qxd8+ Bxd8 14. fxe3 Nc6 15. Nc5 Bc8 16. 0-0 Be7 17. e4 1/2-1/2

[Event "Medellin Flores op 24th"]
[Site "Medellin"]
[Date "2017.08.07"]
[Round "9"]
[White "Bolivar, Jeison"]
[Black "Corredor Castellanos, Camilo"]
[Result "1/2-1/2"]
[WhiteElo "2147"]
[BlackElo "2009"]
[PlyCount "54"]
[EventDate "2017.08.03"]
[EventType "swiss"]
[EventRounds "9"]
[EventCountry "COL"]
[SourceTitle "CBM 179 Extra"]
[Source "ChessBase"]
[SourceDate "2017.08.23"]
[SourceVersion "1"]
[SourceVersionDate "2017.08.23"]
[SourceQuality "1"]

1. e4 c5 2. Nc3 Nc6 3. Bb5 Nd4 4. Bc4 Nf6 5. Nge2 a6 6. d3 e6 7. 0-0 d5 8. exd5 exd5 9. Nxd5 Nf3+ 10. gxf3 Nxd5 11. Ng3 Be7 12. Re1 b5 13. Bb3 Ra7 14. a4 Rc7 15. axb5 axb5 16. Bd2 Rb7 17. Ra8 Nb6 18. Ba5 0-0 19. Rxc8 Qxc8 20. Bxb6 Rxb6 21. Rxe7 c4 22. Ba2 Qd8 23. Qe1 Qa8 24. Bb1 Qxf3 25. d4 Qf6 26. c3 Re6 27. Rxe6 fxe6 1/2-1/2

[Event "Manizales op 26th"]
[Site "Manizales"]
[Date "2017.01.05"]
[Round "3"]
[White "Zuluaga, Nicolas"]
[Black "Bolivar, Jeison"]
[Result "0-1"]
[WhiteElo "1739"]
[BlackElo "2119"]
[PlyCount "59"]
[EventDate "2017.01.04"]
[EventType "swiss"]
[EventRounds "9"]
[EventCountry "COL"]
[SourceTitle "CBM 176 Extra"]
[Source "ChessBase"]
[SourceDate "2017.03.02"]
[SourceVersion "1"]
[SourceVersionDate "2017.03.02"]
[SourceQuality "1"]

1. d4 Nf6 2. c4 g6 3. Nc3 d5 4. Bf4 Bg7 5. e3 0-0 6. Qb3 dxc4 7. Qxc4 Na6 8. a3 c5 9. dxc5 Be6 10. Qb5 Bd7 11. Qc4 Rc8 12. b4 Ne4 13. Rc1 Naxc5 14. Nxe4 Nxe4 15. Bc7 Be6 16. Bxd8 Bxc4 17. Rxc4 Rxc4 18. Bxc4 Rxd8 19. Ne2 Bb2 20. a4 Ba3 21. Nf4 Rc8 22. Bd3 Rc1+ 23. Ke2 Nc3+ 24. Kd2 Nb1+ 25. Bxb1 Rxh1 26. Be4 Bxb4+ 27. Ke2 Re1+ 28. Kd3 Ra1 29. Nd5 Bd6 30. h3 0-1

[Event "Manizales op 26th"]
[Site "Manizales"]
[Date "2017.01.04"]
[Round "1"]
[White "Molano, Walter Rene"]
[Black "Bolivar, Jeison"]
[Result "0-1"]
[WhiteElo "1710"]
[BlackElo "2119"]
[PlyCount "62"]
[EventDate "2017.01.04"]
[EventType "swiss"]
[EventRounds "9"]
[EventCountry "COL"]
[SourceTitle "CBM 176 Extra"]
[Source "ChessBase"]
[SourceDate "2017.03.02"]
[SourceVersion "1"]
[SourceVersionDate "2017.03.02"]
[SourceQuality "1"]

1. e4 c5 2. Nf3 d6 3. Nc3 a6 4. d4 cxd4 5. Nxd4 Nf6 6. h3 e5 7. Nf3 Qc7 8. Bg5 Nbd7 9. Be3 b5 10. Bd3 Bb7 11. a3 Be7 12. g4 Nc5 13. Nd2 d5 14. Bxc5 Bxc5 15. g5 Nxe4 16. Ncxe4 dxe4 17. Bxe4 0-0 18. Qe2 f5 19. Bxb7 Qxb7 20. 0-0-0 Rae8 21. f3 Kh8 22. Nb3 Be7 23. h4 Qc6 24. Na5 Qc7 25. Nb3 Rc8 26. Rd5 Rfe8 27. Rhd1 Qc4 28. Qh2 Qxb3 29. Rxe5 Qa2 30. c3 Rxc3+ 31. bxc3 Bxa3+ 0-1

[Event "Santiago de Cali op"]
[Site "Cali"]
[Date "2016.12.27"]
[Round "4"]
[White "Bolivar, Jeison"]
[Black "Oliveros, Camilo"]
[Result "1/2-1/2"]
[WhiteElo "2119"]
[BlackElo "1982"]
[PlyCount "62"]
[EventDate "2016.12.26"]
[EventType "swiss"]
[EventRounds "8"]
[EventCountry "COL"]
[SourceTitle "EXT 2018"]
[Source "ChessBase"]
[SourceDate "2017.10.13"]
[SourceVersion "1"]
[SourceVersionDate "2017.10.13"]
[SourceQuality "1"]

1. e4 c6 2. d4 d5 3. Nc3 dxe4 4. Nxe4 Bf5 5. Ng3 Bg6 6. Nf3 Nd7 7. h4 h6 8. h5 Bh7 9. Bd3 Bxd3 10. Qxd3 e6 11. Bd2 Ngf6 12. 0-0-0 Bd6 13. Ne4 Nxe4 14. Qxe4 Nf6 15. Qe2 Qc7 16. g3 0-0-0 17. c4 Rhe8 18. Ne5 Bxe5 19. dxe5 Nd7 20. f4 Nc5 21. Bc3 Rxd1+ 22. Rxd1 Rd8 23. Rxd8+ Qxd8 24. Qd2 Ne4 25. Qxd8+ Kxd8 26. Be1 f5 27. Kc2 Ke7 28. Kd3 Kf7 29. g4 g6 30. gxf5 gxf5 31. b4 b6 1/2-1/2

[Event "Santiago de Cali op"]
[Site "Cali"]
[Date "2016.12.26"]
[Round "2"]
[White "Bolivar, Jeison"]
[Black "Bedoya, Gustavo"]
[Result "1/2-1/2"]
[WhiteElo "2119"]
[BlackElo "1570"]
[PlyCount "41"]
[EventDate "2016.12.26"]
[EventType "swiss"]
[EventRounds "8"]
[EventCountry "COL"]
[SourceTitle "EXT 2018"]
[Source "ChessBase"]
[SourceDate "2017.10.13"]
[SourceVersion "1"]
[SourceVersionDate "2017.10.13"]
[SourceQuality "1"]

1. e4 c5 2. Nc3 e6 3. f4 Nc6 4. Bb5 Nd4 5. Bc4 Ne7 6. Nf3 d5 7. Bb3 Nxb3 8. axb3 dxe4 9. Nxe4 b6 10. Ne5 Ng6 11. Qf3 Qd5 12. Nc4 Nh4 13. Ned6+ Bxd6 14. Nxd6+ Ke7 15. Nxc8+ Rhxc8 16. Qxd5 exd5 17. Kf2 Re8 18. Re1+ Kd7 19. Rxe8 Kxe8 20. g4 Ng6 21. d4 1/2-1/2

[Event "COL sub zt 2.3.4"]
[Site "La Dorada"]
[Date "2016.11.04"]
[Round "4"]
[White "Bolivar, Jeison"]
[Black "Munoz Galvez, Jhon Edison"]
[Result "1/2-1/2"]
[WhiteElo "2091"]
[BlackElo "2362"]
[PlyCount "68"]
[EventDate "2016.11.02"]
[EventType "swiss"]
[EventRounds "9"]
[EventCountry "COL"]
[SourceTitle "CBM 175 Extra"]
[Source "ChessBase"]
[SourceDate "2016.12.12"]
[SourceVersion "1"]
[SourceVersionDate "2016.12.12"]
[SourceQuality "1"]

1. e4 c5 2. Nc3 a6 3. g4 Nc6 4. Bg2 d6 5. d3 g6 6. Nh3 Bg7 7. 0-0 Nf6 8. f3 h6 9. Be3 Bd7 10. Nf4 e6 11. Nfe2 Qc7 12. Qd2 Rc8 13. Nd1 b5 14. c3 Ne5 15. Nf2 g5 16. h3 Bc6 17. b3 Ng6 18. d4 c4 19. bxc4 bxc4 20. d5 exd5 21. Nd4 Nh4 22. Nf5 Nxf5 23. exf5 Nd7 24. Bd4 Be5 25. h4 f6 26. Nh3 Bxd4+ 27. cxd4 Kf7 28. Rae1 Rce8 29. hxg5 hxg5 30. f4 Rxh3 31. Bxh3 gxf4 32. Rxe8 Kxe8 33. Qxf4 Qb6 34. Re1+ Kd8 1/2-1/2

[Event "Florencia op"]
[Site "Florencia"]
[Date "2015.12.08"]
[Round "7"]
[White "Bolivar, Jeison"]
[Black "Cadena Montoya, Gustavo Adolfo"]
[Result "0-1"]
[WhiteElo "2091"]
[BlackElo "2180"]
[PlyCount "42"]
[EventDate "2015.12.04"]
[EventType "swiss"]
[EventRounds "7"]
[EventCountry "COL"]
[SourceTitle "CBM 169 Extra"]
[Source "ChessBase"]
[SourceDate "2015.12.18"]
[SourceVersion "1"]
[SourceVersionDate "2015.12.18"]
[SourceQuality "1"]

1. e4 c6 2. Nc3 d5 3. Nf3 dxe4 4. Nxe4 Nf6 5. Ng3 g6 6. Bc4 Bg7 7. d4 0-0 8. 0-0 a5 9. a4 Nbd7 10. c3 Nb6 11. Bd3 Bg4 12. h3 Bxf3 13. Qxf3 Re8 14. Ne4 Nxe4 15. Bxe4 e5 16. dxe5 Bxe5 17. Bh6 Re6 18. Rfe1 Qe7 19. h4 Re8 20. g3 Bg7 21. Bxg7 Kxg7 0-1

[Event "Florencia op"]
[Site "Florencia"]
[Date "2015.12.07"]
[Round "6"]
[White "Trujillo Quesada, Harlinson"]
[Black "Bolivar, Jeison"]
[Result "0-1"]
[WhiteElo "1945"]
[BlackElo "2091"]
[PlyCount "56"]
[EventDate "2015.12.04"]
[EventType "swiss"]
[EventRounds "7"]
[EventCountry "COL"]
[SourceTitle "CBM 169 Extra"]
[Source "ChessBase"]
[SourceDate "2015.12.18"]
[SourceVersion "1"]
[SourceVersionDate "2015.12.18"]
[SourceQuality "1"]

1. d4 Nf6 2. Nf3 g6 3. h4 h6 4. Bf4 Bg7 5. e3 c5 6. c3 b6 7. Nbd2 Bb7 8. Bd3 d6 9. Qc2 Nbd7 10. 0-0-0 Rc8 11. dxc5 Nxc5 12. Bxg6 fxg6 13. Qxg6+ Kf8 14. g4 Qe8 15. Qf5 Qf7 16. g5 Nfe4 17. Qxf7+ Kxf7 18. gxh6 Bxh6 19. Bxh6 Rxh6 20. Nxe4 Nxe4 21. Rhf1 Rg8 22. Rd4 Ke8 23. Nd2 Nxd2 24. Kxd2 Rg2 25. Ra4 a5 26. Rf4 e5 27. Rf5 Rxh4 28. b3 Be4 0-1

[Event "Ortega op 5th"]
[Site "Ortega"]
[Date "2015.06.13"]
[Round "4"]
[White "Bolivar, Jeison"]
[Black "Moreno Bermudez, Jhon Jairo"]
[Result "1-0"]
[WhiteElo "2086"]
[BlackElo "1803"]
[PlyCount "59"]
[EventDate "2015.06.12"]
[EventType "swiss"]
[EventRounds "7"]
[EventCountry "COL"]
[SourceTitle "CBM 167 Extra"]
[Source "ChessBase"]
[SourceDate "2015.09.14"]
[SourceVersion "1"]
[SourceVersionDate "2015.09.14"]
[SourceQuality "1"]

1. e4 e5 2. Nf3 Nf6 3. Nxe5 d6 4. Nf3 Nxe4 5. Nc3 Nxc3 6. dxc3 Be7 7. Be3 a6 8. Qd2 Nc6 9. 0-0-0 Bg4 10. Be2 Qd7 11. Rhe1 0-0-0 12. h3 Bf5 13. Nd4 Nxd4 14. Qxd4 Bf6 15. Qb4 Qc6 16. Bf3 d5 17. Qf4 Be4 18. Bd4 Bxf3 19. Qxf3 Bxd4 20. Rxd4 Rd7 21. Red1 Qh6+ 22. Kb1 c6 23. c4 Rhd8 24. cxd5 cxd5 25. Rxd5 Rxd5 26. Rxd5 Qe6 27. Qc3+ Qc6 28. Rxd8+ Kxd8 29. Qxc6 bxc6 30. b4 1-0